<?xml version="1.0" encoding="UTF-8"?>
<collection xmlns="http://www.loc.gov/MARC21/slim">
    <record>
        <controlfield tag="001">94881</controlfield>
        <controlfield tag="005">20200819092802.0</controlfield>
        <datafield tag="037" ind1=" " ind2=" ">
            <subfield code="a">TAZ-TFG-2016-834</subfield>
        </datafield>
        <datafield tag="041" ind1=" " ind2=" ">
            <subfield code="a">spa</subfield>
        </datafield>
        <datafield tag="100" ind1="1" ind2=" ">
            <subfield code="a">Eceiza Arrospide, Miren</subfield>
        </datafield>
        <datafield tag="242" ind1="0" ind2="0">
            <subfield code="a">Proposal for a Physiotherapy Intervention in Patients with Ankylosing Spondylitis in Chronic Phase: A Case Series</subfield>
        </datafield>
        <datafield tag="245" ind1="0" ind2="0">
            <subfield code="a">Propuesta de intervención en fisioterapia en pacientes con espondilitis anquilosante en fase crónica: estudio de serie de casos</subfield>
        </datafield>
        <datafield tag="260" ind1=" " ind2=" ">
            <subfield code="a">Zaragoza</subfield>
            <subfield code="b">Universidad de Zaragoza</subfield>
            <subfield code="c">2016</subfield>
        </datafield>
        <datafield tag="506" ind1=" " ind2=" ">
            <subfield code="a">by-nc-sa</subfield>
            <subfield code="b">Creative Commons</subfield>
            <subfield code="c">3.0</subfield>
            <subfield code="u">http://creativecommons.org/licenses/by-nc-sa/3.0/</subfield>
        </datafield>
        <datafield tag="520" ind1=" " ind2=" ">
            <subfield code="a">INTRODUCCIÓN La espondilitis anquilosante es la enfermedad reumática más frecuente y característica de las que engloba el término espondiloartritis (EsA), con una prevalencia de entre 0,1 y 2,5% de la población mundial. Dado el alto impacto que produce en el individuo, en la sociedad y en el sistema socio-sanitario, se plantea la descripción de un programa de fisioterapia en un grupo de pacientes afectados por la EA. OBJETIVOS El objetivo principal de este estudio es el de describir un plan de evaluación y valorar la eficacia del programa de fisioterapia establecido en el Hospital Universitario Miguel Servet equiparándolo con la evidencia científica actual. METODOLOGÍA Estudio de intervención prospectivo de serie de casos llevado a cabo en un grupo de cinco pacientes en la fase crónica de la EA con más de 25 años de evolución. Se realiza una valoración inicial completa de la historia clínica, dolor, movilidad y tanto cuestionarios específicos de la enfermedad (BASDAI, BASFI, BASMI) como de calidad de vida (AsQoL, SF-36). El tratamiento fisioterápico se desarrolla en 20 sesiones a lo largo de dos meses y medio y consiste en una combinación de hidroterapia con ejercicios en el agua, y cinesiterapia de flexibilización y potenciación muscular. DESARROLLO Y DISCUSIÓN Tras la intervención de fisioterapia se realiza una valoración final en la que se han observado resultados positivos en el dolor y la capacidad funcional, al igual que en la calidad de vida de los pacientes en rangos generales. CONCLUSIONES El programa fisioterápico aplicado parece haber determinado una mejoría de diferentes necesidades de salud de los pacientes, por lo que se ha constatado la idoneidad del protocolo actual aplicado en el Hospital Universitario Miguel Servet.&lt;br /></subfield>
        </datafield>
        <datafield tag="521" ind1=" " ind2=" ">
            <subfield code="a">Graduado en Fisioterapia</subfield>
        </datafield>
        <datafield tag="540" ind1=" " ind2=" ">
            <subfield code="a">Derechos regulados por licencia Creative Commons</subfield>
        </datafield>
        <datafield tag="700" ind1=" " ind2=" ">
            <subfield code="a">Fanlo Mazas, Pablo</subfield>
            <subfield code="e">dir.</subfield>
        </datafield>
        <datafield tag="700" ind1=" " ind2=" ">
            <subfield code="a">Yagüe Sebastián, Mar</subfield>
            <subfield code="e">dir.</subfield>
        </datafield>
        <datafield tag="710" ind1="2" ind2=" ">
            <subfield code="a">Universidad de Zaragoza</subfield>
            <subfield code="b">Fisiatría y Enfermería</subfield>
            <subfield code="c">Fisioterapia</subfield>
        </datafield>
        <datafield tag="856" ind1="0" ind2=" ">
            <subfield code="f">675325@celes.unizar.es</subfield>
        </datafield>
        <datafield tag="856" ind1="4" ind2=" ">
            <subfield code="s">909402</subfield>
            <subfield code="u">http://zaguan.unizar.es/record/94881/files/TAZ-TFG-2016-834.pdf</subfield>
            <subfield code="y">Memoria (spa)</subfield>
        </datafield>
        <datafield tag="909" ind1="C" ind2="O">
            <subfield code="o">oai:zaguan.unizar.es:94881</subfield>
            <subfield code="p">driver</subfield>
            <subfield code="p">trabajos-fin-grado</subfield>
        </datafield>
        <datafield tag="950" ind1=" " ind2=" ">
            <subfield code="a"></subfield>
        </datafield>
        <datafield tag="951" ind1=" " ind2=" ">
            <subfield code="a">deposita:2020-08-19</subfield>
        </datafield>
        <datafield tag="980" ind1=" " ind2=" ">
            <subfield code="a">TAZ</subfield>
            <subfield code="b">TFG</subfield>
            <subfield code="c">EUCS</subfield>
        </datafield>
    </record>

    
</collection>